| 000 | 00747pam a2200253 i 4500 | ||
|---|---|---|---|
| 001 | 4155068 | ||
| 003 | NUST - PNEC | ||
| 005 | 20170116181101.0 | ||
| 008 | 780814s1978 paua 001 0 eng | ||
| 010 | _a 78012493 | ||
| 020 |
_a0830698779 : _c$10.95. _a0830610227 _c$6.95 |
||
| 040 |
_aDLC _cLIBRARY _dDLC |
||
| 050 | 0 | 0 |
_aTT185 _b.B79 |
| 082 | 0 | 0 | _a684.08 BUR |
| 100 | 1 | _aBurke, Charles C. | |
| 245 | 1 | 0 |
_aWoodworking for cave dwellers / _cby Charles C. Burke. |
| 250 | _a1st ed. | ||
| 260 |
_aBlue Ridge Summit, Pa. : _bTab Books, _cc1978. |
||
| 300 |
_a335 p. : _bill. ; _c22 cm. |
||
| 500 | _aIncludes index. | ||
| 650 |
_xME _912402 _bMechanical engineering |
||
| 906 |
_a7 _bcbc _corignew _d1 _eocip _f19 _gy-gencatlg |
||
| 942 |
_2ddc _cBK |
||
| 999 |
_c68774 _d68774 |
||